000 00488nam a2200181 4500
003 SEACOMEC
005 20240529123940.0
008 240529b |||||||| |||| 00| 0 eng d
020 _a 9788173196539
_c250.00
040 _aSEACOMEC
082 _a005.117
_bC455
100 _aChandra, B
245 _aObject oriented programming using C++
_cB Chandra
250 _a2nd ed
260 _a New delhi: Narosa Publishing House., 2002.
300 _axx, 470 p. : ill. ; 25 cm
942 _cBOOK
999 _c1241
_d1241